| 000 | 00465nam a22001577a 4500 | ||
|---|---|---|---|
| 003 | OSt | ||
| 005 | 20190426132800.0 | ||
| 008 | 190426b xxu||||| |||| 00| 0 eng d | ||
| 040 | _cmacl | ||
| 082 | _a891.433/GAR/S | ||
| 100 |
_aगर्ग , मृदुला _944761 |
||
| 245 | _aमंजूर नामंजूर | ||
| 260 |
_aदिल्ली _bआलेख प्रकाशन _c2017 |
||
| 650 |
_aकहानी _974513 |
||
| 942 |
_2ddc _cHIN |
||
| 999 |
_c59517 _d59517 |
||